1495 1895 1641 1744 1288 1656 1448 1899 1980 1907 1114 1440 1895 1448 1252 1738 1172 1534 1654 1455 1105 1789 1294 1017 1291 1699 1426 1897 1569 1162 1608 1569 1532 1593 1381 1127 1158 1039 1602 1727 1981 1300 1564 1727 1542 1954 1789 1931 1625 1505 1572 1491 1548 1183 1588 1043 1334 1976 1540 1030 1591 1232 1505 1700 1687 1135 1837 1989 1157 1535 1080 1314 1923 1313 1992 1545 1326 1962 1940 1962 1866 1884 1723 1087 1043 1625 1200 1539 1228 1585 1195 1803 1907 1353 1425 1471 1410 1994 1227 BCNSPRNW ULIB Ver.6.0+V

เปลี่ยนเป็นภาษาไทย

Change to English
 แสดงรายละเอียดบรรณานุกรม
  กลับหน้าหลัก

Brief Record : Get Marc (ISO 2709) : E-mail record : QR code < ปิดหน้าต่าง
LEADER : 00000nam 2200000uu 4500
001    13399107852
003     ULIB
008    110208s2553||||th 000 0 tha d
020    9786165070126
060 04 WZ40^bธ647ป 2553
100 0  ธีรวัฒน์ บูระวัฒน์
245 10 ประวัติศาสตร์ทางการแพทย์ :^bตอนการค้นพบที่ยิ่งใหญ่ /^cเรียบเรียงโดย ธีรวัฒน์ บูระวัฒน์
250    พิมพ์ครั้งที่ 1
260    กรุงเทพฯ :^bหมอชาวบ้าน,^c2553
300    (12), 250 หน้า :^bภาพประกอบ ;^c25 ซม.
650  7 การแพทย์^xประวัติ
650  7 ประวัติการแพทย์
945    ^p170^l0^i028702
945    ^p170^l0^i028500
995    เกษร
999 ^a ใช้งานได้ทุกระบบ
รายการนี้ยังไม่มีแท็ก
คุณยังไม่ได้ล็อกอิน คุณสามารถมีกิจกรรมร่วมกับเว็บไซต์ได้ แต่ต้องล็อกอินก่อน ::
  ล็อกอิน

รายการสื่อสารสนเทศ

ลำดับที่ ประเภท เลขเรียก/บาร์โค้ด สถานที่ สถานะ
1. วิทยาศาสตร์การแพทย์ และสุขภาพ
วิทยาศาสตร์การแพทย์ และสุขภาพ
WZ40 ธ647ป 2553 ฉ.2 
  Barcode: 028500
ห้องสมุดวิทยาเขตสวรรค์ประชารักษ์
►ส่วนจัดเก็บหนังสือเก่า สปร
บนชั้น
  ขอยืม
2. วิทยาศาสตร์การแพทย์ และสุขภาพ
วิทยาศาสตร์การแพทย์ และสุขภาพ
WZ40 ธ647ป 2553 ฉ.3 
  Barcode: 028702
ห้องสมุดวิทยาเขตสวรรค์ประชารักษ์
►ส่วนจัดเก็บหนังสือเก่า สปร
บนชั้น
  ขอยืม

รายการใกล้เคียง
    ผู้แต่ง [ธีรวัฒน์ บูระวัฒน์]

    หัวเรื่อง [ประวัติการแพทย์]

BibComment


ยังไม่เคยถูกคอมเมนท์

คอมเมนท์ทรัพยากรรายการนี้
  คอมเมนท์: ประวัติศาสตร์ทางก..


 Copyright 2026. Bcnsprnw @Library